000 00435cam a2200145 4500500
005 20251012032534.0
041 _afre
042 _adc
100 1 0 _aBouit, Delphine
_eauthor
245 0 0 _aSpinoza avait raison bien davantage
260 _c2005.
500 _a93
786 0 _nSigila | 15 | 1 | 2005-06-20 | p. 141-159 | 1286-1715
856 4 1 _uhttps://shs.cairn.info/revue-sigila-2005-1-page-141?lang=fr&redirect-ssocas=7080
999 _c1547619
_d1547619